|
|
|
|
| LEADER |
00000cam a2200000 7i4500 |
| 001 |
0000002025 |
| 005 |
20020813.0 |
| 020 |
0 |
0 |
|a 9834000626
|
| 090 |
0 |
0 |
|a 634.97230951
|b ZHA 1999
|
| 100 |
1 |
0 |
|a ZHANG
|h Huaxin
|
| 245 |
1 |
0 |
|a Poplar breeding, cultivation technologies and extension in China
|c Zhang Huaxin
|
| 260 |
0 |
0 |
|a Kuala Lumpur :
|b APAFRI ,
|c 1999
|
| 300 |
|
|
|a viii, 55 p. :
|b col. ill. ;
|c 26 cm.
|
| 440 |
0 |
0 |
|a APAFRI publication series; no. 4
|
| 500 |
0 |
0 |
|a Bibliography : p. 51-55
|
| 650 |
0 |
0 |
|a Poplar
|z China
|
| 998 |
|
|
|a JPSM
|
| 999 |
|
|
|a 0000003156
|b Monograph
|c Open Shelf
|e Default branch
|